| 000 | 00380nam a2200145Ia 4500 | ||
|---|---|---|---|
| 008 | 150201s1998 xx 000 0 und d | ||
| 082 |
_a612.044 _bE2001H |
||
| 100 | _aMcARDLE WILLIAM. | ||
| 245 | _aEXERCISE PHYSIOLOGY : ENERGY ,NUTRITION | ||
| 250 | _a5TH | ||
| 260 |
_bLIPPINCOTT PUBLICATION _aPHILADELPHIA _c1998 |
||
| 300 | _a1-1150 | ||
| 650 | _aPHYSIOLOGY | ||
| 942 |
_2ddc _cBK |
||
| 999 |
_c4342 _d4342 |
||